| Tag |
First Indicator |
Second Indicator |
Subfields |
| LEADER |
00000cam a2200000 a 4500 |
| 001 |
in00000098145 |
| 005 |
20150924085626.0 |
| 008 |
801208s1980 nyua 00010 engm |
| 010 |
|
|
|a 80081504
|
| 035 |
|
|
|a (OCoLC)06798372
|
| 035 |
|
|
|9 AAK9511AM
|
| 040 |
|
|
|a DLC
|c DLC
|d m.c.
|d TXA
|d UtOrBLW
|
| 043 |
|
|
|a n-us-nc
|
| 049 |
|
|
|a TXAM
|c [1197347]
|
| 050 |
0 |
0 |
|a HD9666.9 B87
|b C63
|
| 082 |
0 |
|
|a 338.7/616151/0973
|2 19
|
| 100 |
1 |
|
|a Coe, Fred A.
|
| 245 |
1 |
0 |
|a Burroughs Wellcome Co., 1880-1980 :
|b pioneer of pharmaceutical research /
|c Fred A. Coe, Jr.
|
| 264 |
|
1 |
|a New York :
|b Newcomen Society in North America,
|c 1980.
|
| 300 |
|
|
|a 24 pages :
|b illustrations ;
|c 23 cm.
|
| 336 |
|
|
|a text
|b txt
|2 rdacontent
|
| 337 |
|
|
|a unmediated
|b n
|2 rdamedia
|
| 338 |
|
|
|a volume
|b nc
|2 rdacarrier
|
| 490 |
1 |
|
|a Newcomen publication ;
|v no. 1127
|
| 500 |
|
|
|a Delivered at the "1980 North Carolina dinner" of the Newcomen Society in North America.
|
| 610 |
2 |
0 |
|a Burroughs Wellcome and Company.
|
| 710 |
2 |
|
|a Newcomen Society in North America.
|
| 830 |
|
0 |
|a Newcomen publication ;
|v no. 1127.
|
| 999 |
|
|
|a MARS
|
| 999 |
f |
f |
|s a80184e6-b234-342c-903a-6b7fa5ff8cbb
|i ddfce7d5-8395-310b-bbe4-898a8f453a5d
|t 0
|
| 952 |
f |
f |
|p ric
|a Texas A&M University
|b Rellis Campus
|c Joint Library Facility
|d Remote Storage
|t 0
|e HD9666.9 B87 C63
|h Library of Congress classification
|i unmediated -- volume
|k A14806024635
|m A14806024635
|
| 998 |
f |
f |
|a HD9666.9 B87 C63
|t 0
|l Remote Storage
|